Blink-182 Songs - Sudden Death - Statistics

General Stats
  • This quiz has been taken 437 times
  • The average score is 13 of 20
Answers on the Grid
Answers color-coded by a green-red scale on the quiz's grid according to % correct below.
The Rock Show
I Miss You
Bored to Death
M+M's
The Middle
All the Small Things
Holiday
concert for aliens
Carousel
ALL IN MY HEAD
What's My Age Again?
The Adventure
Aliens Exist
Man Overboard
I'm Just a Kid
First Date
Closer
Stay Together for the Kids
ONE MORE TIME
EDGING
Dammit
Still Waiting
My Friends Over You
The Anthem
Adam's Song
Feeling This
I Really Wish I Hated You
After Midnight
Ocean Avenue
Always
 
Answer Stats
Answer % Correct
I Miss You
92%
All the Small Things
90%
The Rock Show
88%
What's My Age Again?
81%
First Date
74%
Dammit
73%
Aliens Exist
68%
Stay Together for the Kids
67%
M+M's
65%
Adam's Song
64%
Carousel
62%
Bored to Death
60%
ONE MORE TIME
58%
EDGING
54%
Man Overboard
52%
Feeling This
51%
Always
45%
ALL IN MY HEAD
42%
After Midnight
38%
I Really Wish I Hated You
27%
No matching quizzes found
Score Distribution
Percent of People with Each Score
Percentile by Number Answered
Your Score History
You have not taken this quiz